Rukověť cestovního ruchu

Saved in:
Bibliographic Details
Main Author: Franke, Antonín
Format: Book
Language:Czech
Published: Praha Merkur 1980
Tags: Add Tag
No Tags, Be the first to tag this record!

MARC

LEADER 00000nam a2200000 4500
001 c119333
005 20041019155213.8
041 0 |a cze 
044 |a CZ 
245 1 0 |a Rukověť cestovního ruchu  |c Antonín Franke a kol. 
264 1 |a Praha  |b Merkur  |c 1980 
300 |a 424 s. 
100 1 |a Franke, Antonín